Comprehensive biotechnology (Record no. 17135)
[ view plain ]
| 000 -LEADER | |
|---|---|
| fixed length control field | 00345nam a22001097a 4500 |
| 008 - FIXED-LENGTH DATA ELEMENTS--GENERAL INFORMATION | |
| fixed length control field | 140526t xxu||||| |||| 00| 0 eng d |
| 020 ## - INTERNATIONAL STANDARD BOOK NUMBER | |
| International Standard Book Number | 81-219-1987-8 |
| 100 ## - MAIN ENTRY--PERSONAL NAME | |
| Personal name | K.G. Ramawat |
| 9 (RLIN) | 896 |
| 245 ## - TITLE STATEMENT | |
| Title | Comprehensive biotechnology |
| Remainder of title | for b.sc and m.sc students of different indian universities as per UGC model curriculum |
| 300 ## - PHYSICAL DESCRIPTION | |
| Extent | 706 |
| 942 ## - ADDED ENTRY ELEMENTS (KOHA) | |
| Source of classification or shelving scheme | |
| Koha item type | Book |
| Withdrawn status | Lost status | Source of classification or shelving scheme | Damaged status | Not for loan | Collection code | Permanent Location | Current Location | Date acquired | Total Checkouts | Barcode | Date last seen | Price effective from | Koha item type |
|---|---|---|---|---|---|---|---|---|---|---|---|---|---|
| Atta-ur-Rahman School of Applied Biosciences (ASAB) | Atta-ur-Rahman School of Applied Biosciences (ASAB) | 05/26/2014 | ASAB1789 | 05/26/2014 | 05/26/2014 | Book |
